000 00551cam a2200181 i 4500
005 20251108174719.0
008 250721s2008 jo a gr 000 0 ara d
041 _aara
082 1 4 _a005.133
_bق ي ا
100 1 _aالقيام، معاذ
_eمؤلف.
245 1 0 _aأساسيات الفيجوال بيسك /
_cمعاذ القيام.
264 1 _aعمان :
_c2008.
_b[غير معرف]،
300 _a331 صفحة.
650 1 7 _aالبرمجة.
650 1 7 _aلغات البرمجة.
942 _2ddc
_cBK
999 _c116151
_d116151